Statistics for Countries with the most car exports

Click here to take the quiz!

General Stats

  • This quiz has been taken 52 times
  • The average score is 12 of 15

Answer Stats

RankValueCountry% Correct
299.1Japan
100%
542United Kingdom
100%
1154.7Germany
98%
1216.9Italy
98%
738.2South Korea
98%
351.4United States
98%
1025.2France
96%
835.5Spain
94%
641Canada
88%
449.4Mexico
86%
1411.6Sweden
82%
1312.4Turkey
69%
1511.1Thailand
51%
1122Slovakia
45%
934.2Belgium
39%

Score Distribution

Percentile by Number Answered

Percent of People with Each Score

Your Score History

You have not taken this quiz